LEADER 00902nam0 2200277 4500 001 000028755 005 20130219103608.0 010 $a978-88-08-21894-0 100 $a20120319d2011----km-y0itay50------ba 101 0 $aita 102 $aIT 105 $ay-------001yy 200 1 $aEsercizi di analisi matematica 1$fSandro Salsa, Annamaria Squellati 210 $aBologna$cZanichelli$d2011 215 $aVI, 249 p.$cill.$d23 cm 463 0$1001000028756 500 10$aEsercizi di analisi matematica 1$941266 610 1 $aAnalisi matematica$aEsercizi 676 $a515.076$v21$9Analisi matematica . Prontuari ed esercizi 700 1$aSalsa,$bSandro$061750 701 1$aSquellati,$bAnnamaria$062546 801 0$aIT$bUNIPARTHENOPE$c20120319$gRICA$2UNIMARC 912 $a000028755 951 $aP1 515-E/40$b43909$cPIST$d2012 996 $aEsercizi di analisi matematica 1$941266 997 $aUNIPARTHENOPE